000 00684nam a22001937a 4500
003 OSt
005 20251126115341.0
008 251126b |||||||| |||| 00| 0 eng d
020 _a978-621-427-259-4
040 _aDWCL Main-Lib
_cOC
082 _aFil. 658.047 B163c 2025
100 _aBairan, Bonifacio P.
245 _aCooperative management:
_bstrategies for success in the 21st century
_cBonifacio P. Bairan
260 _aManila, Philippines:
_bUnlimited Books Library Services & Publishing Inc.,
_cc2025.
300 _avi, 275 pages:
_b illustrations;
_c25 cm.
504 _aIncludes bibliographical references.
650 _a1. Cooperative.
942 _2ddc
_cBK - FIL
_kFil.
_n0
999 _c6390
_d6390